000 00972nam a2200241 a 4500
008
049 _aMAIN
090 _aP95.82
_bSOT
245 0 0 _aSo this is democracy? :
_breport on the State of the media in southern Africa, 2005 /
_cMedia Institute of Southern Africa.
246 3 _aReport on the State of the media in southern Africa, 2005.
260 _aWindhoek, Namibia :
_bMedia Institute of Southern Africa,
_cc2006.
300 _a320 p. :
_bill., map. ;
_c21 cm.
530 _aAlso available on the Internet.
650 0 _aMass media
_xPolitucal aspects
_zAfrica, Southern
_vChronology.
650 0 _aFreedom of the press
_zAfrica, Southern
_vChronology.
651 0 _aAfrica, Southern
_xPolitics and government
_y1994-
_vChronology.
710 2 _aMedia Institute of Southern Africa.
907 _a.b10305683
_b24-09-15
_c19-01-12
003
005 20230123125356.0
040 _cNUST
942 _cBOOKS
_kP95.82
_mSOT
999 _c140429
_d140429